Principios digitales / Roger L. Tokheim (Registro nro. 19906)
[ vista simple ]
| 000 -LÍDER | |
|---|---|
| fixed length control field | 00454nam a2200157 4500 |
| 008 - ELEMENTOS DE LONGITUD FIJA -- INFORMACIÓN GENERAL | |
| fixed length control field | 01991 1995 0a 000 0Esp |
| 020 ## - NÚMERO INTERNACIONAL NORMALIZADO PARA LIBROS | |
| ISBN | 84-481-1737-9 |
| 050 ## - SIGNATURA TOPOGRAFICA DE LA BIBLIOTECA DEL CONGRESO (LC) | |
| Número de Clasificación | TK7868 D5 T646 |
| 082 ## - NUMERO DE CLASIFICACION DECIMAL DEWEY | |
| Número de Clasificación | 621.381.53 T817p |
| 100 ## - ASIENTO PRINCIPAL--NOMBRE PERSONAL | |
| Nombre personal | Tokheim Roger L. |
| 245 ## - TÍTULO | |
| Título | Principios digitales / Roger L. Tokheim |
| 250 ## - MENCIÓN DE EDICIÓN | |
| Mención de edición | 3ra ed |
| 260 ## - PUBLICACIÓN, DISTRIBUCIÓN, ETC. (PIE DE IMPRENTA) | |
| Lugar de publicación, distribución, etc. | Madrid España: McGrawHill |
| 300 ## - DESCRIPCIÓN FÍSICA | |
| Extensión | 402p, 24cm |
| 650 ## - ASIENTO SECUNDARIO DE MATERIA - TERMINO TEMÁTICO | |
| Término temático o nombre geográfico como elemento de entrada | 1. ELECTRONICA DIGITAL \ 2. CIRCUITOS DIGITALES |
| No. biblioteca | No. biblioteca | Número de clasificación | Código de barras/Número de adquisición | Número de copia | Tipo de material | Otras carreras |
|---|---|---|---|---|---|---|
| LUIS G. INCLAN | LUIS G. INCLAN | 621.381.53 T817p | 27575 | 19 | Libros | |
| LUIS G. INCLAN | LUIS G. INCLAN | 621.381.53 T817p | 27576 | 20 | Libros | |
| LUIS G. INCLAN | LUIS G. INCLAN | 621.381.53 T817p | 27610 | 22 | Libros | |
| LUIS G. INCLAN | LUIS G. INCLAN | 621.381.53 T817p | 27612 | 24 | Libros | |
| LUIS G. INCLAN | LUIS G. INCLAN | 621.381.53 T817p | 27613 | 25 | Libros | |
| LUIS G. INCLAN | LUIS G. INCLAN | 621.381.53 T817p | 28183 | 27 | Libros | |
| LUIS G. INCLAN | LUIS G. INCLAN | 621.381.53 T817p | 28187 | 29 | Libros | |
| LUIS G. INCLAN | LUIS G. INCLAN | 621.381.53 T817p | 28190 | 30 | Libros | |
| LUIS G. INCLAN | LUIS G. INCLAN | 621.381.53 T817p | 28261 | 32 | Libros | |
| LUIS G. INCLAN | LUIS G. INCLAN | 621.381.53 T817p | 28263 | 33 | Libros | |
| LUIS G. INCLAN | LUIS G. INCLAN | 621.381.53 T817p | 28272 | 34 | Libros | |
| LUIS G. INCLAN | LUIS G. INCLAN | 621.381.53 T817p | 28313 | 35 | Libros | |
| LUIS G. INCLAN | LUIS G. INCLAN | 621.381.53 T817p | 28317 | 36 | Libros | |
| LUIS G. INCLAN | LUIS G. INCLAN | 621.381.53 T817p | 29156 | 38 | Libros | |
| LUIS G. INCLAN | LUIS G. INCLAN | 621.381.53 T817p | 29157 | 39 | Libros | |
| LUIS G. INCLAN | LUIS G. INCLAN | 621.381.53 T817p | 29158 | 40 | Libros | |
| LUIS G. INCLAN | LUIS G. INCLAN | 621.381.53 T817p | 29159 | 41 | Libros | |
| LUIS G. INCLAN | LUIS G. INCLAN | 621.381.53 T817p | 30015 | 43 | Libros | |
| LUIS G. INCLAN | LUIS G. INCLAN | 621.381.53 T817p | 30127 | 45 | Libros | |
| LUIS G. INCLAN | LUIS G. INCLAN | 621.381.53 T817p | 30315 | 46 | Libros | |
| LUIS G. INCLAN | LUIS G. INCLAN | 621.381.53 T817p | 27614 | 26 | Libros | |
| LUIS G. INCLAN | LUIS G. INCLAN | 621.381.53 T817p | 30067 | 42 | Libros | LUIS G. INCLAN |
